000 01015nas a2200313 4500
001 BR8303626
003 BR-BrBNA
005 20231205085613.0
007 ta
008 230509b bl.|||p| |||| 00| 00por d
040 _aBR-BrBNA
_bpor
_cBiblioteca Nacional de Agricultura
041 _a(Pt)
072 _aK10
100 1 _aPereira, A.R.
100 1 _aGomes, J.M.
100 1 _aCosta, R.L.
100 1 _aCastro, F. de P.
111 1 _a4. Congresso Florestal Brasileiro
_cBelo Horizonte, MG (Brazil)
_d10-15 May 1982
245 1 _aInfluencia da extracao de recipientes plasticos no crescimento de eucaliptos na regiao do Cerrado [Tres Marias, Minas Gerais, Brasil]
650 _aEUCALIPTO
650 _aRECIPIENTE DE PLANTA
650 _aCRESCIMENTO
650 _aCERRADO
650 _aTRES MARIAS
650 _aMINAS GERAIS
773 0 _tSilvicultura (Brazil)
_xISSN 0100-3615
_g(Jan-Feb 1983), v. 8(28) p. 427-428
_wBR8303626
909 _a202311
_bLúcia
_c55
_dLúcia Elande
942 _2AGRIS
_n0
_cANA
999 _c112498
_d112498